000 00242nam a22000977a 4500
999 _c3164
_d3164
008 160915b xxu||||| |||| 00| 0 eng d
020 _a9788184091724
100 _9507
_aSen.S
245 _aComputer-8
260 _aNew Delhi
_bFrank Publications
_c2010